[Event "EU-ch 20th"]
[Site "Skopje"]
[Date "2019.03.28"]
[Round "10"]
[White "Korobov, Anton"]
[Black "Movsesian, Sergei"]
[Result "0-1"]
[WhiteElo "2686"]
[BlackElo "2627"]
[Annotator "Krasenkow,M"]
[PlyCount "80"]
[EventDate "2019.03.18"]
[EventType "swiss"]
[EventRounds "11"]
[EventCountry "MKD"]
[Tiebreak "Sum of Buchholz"]
[SourceTitle "CBM 189"]
[Source "ChessBase"]
[SourceDate "2019.04.29"]
[SourceVersion "1"]
[SourceVersionDate "2019.04.29"]
[SourceQuality "1"]

{[%evp 0,80,19,25,19,-20,3,-3,6,6,17,-5,30,25,29,-18,-19,5,10,-48,-3,-3,2,-6,
16,-14,27,33,-8,6,46,19,19,19,19,-11,-6,14,14,25,15,37,53,48,31,35,23,-9,-9,
-19,0,-20,-1,-48,-53,-28,-47,-78,-78,-98,-45,-67,-69,-37,-37,-58,-58,-69,-38,
-150,-175,-171,-150,-167,-165,-163,-48,-88,-62,-50,-50,-320,-380]} 1. d4 Nf6 2.
c4 e6 3. Nf3 d5 4. Nc3 Bb4 5. Bg5 h6 6. Bxf6 Qxf6 7. Qa4+ Nc6 8. e3 O-O 9. Rd1
{A rare continuation with the idea to anticipate ...d5xc4 Bf1xc4 e6-e5 - in
that case the d-file opens up for White's rook.} Rd8 (9... a6 10. Qb3 Qe7 11.
cxd5 exd5 12. Be2 Rd8 13. a3 Bxc3+ 14. Qxc3 Bg4 15. Rc1 Rd7 16. h3 Bxf3 17.
Bxf3 Nd8 18. Bg4 Ne6 19. b4 c6 20. O-O {1-0 (65) Sarana,A (2630)-Karthikeyan,M
(2560) Moscow RUS 2019 - finally a "normal" position, slightly better for
White, in which he outplayed his opponent.}) 10. Bd3 {Rather harmless. Black
takes on c4 gaining a tempo.} (10. Qc2 $6 {can be strongly met with} e5 $1 ({
rather than} 10... Bf8 11. a3 g6 12. Be2 Bg7 13. O-O a5 14. Nb5 Qe7 15. Rc1
dxc4 16. Bxc4 $14 {1/2 (35) Aronian,L (2793)-So,W (2812) Leuven 2017})) (10.
Be2 dxc4 11. O-O Bd7 12. Qc2 Na5 13. Ne5 Qe7 14. f4 Bd6 15. Nxd7 Rxd7 16. Qa4
Bb4 17. Ne4 b6 18. a3 Bd6 $11 {1/2 (30) Rapport,R (2675)-Vidit,S (2702)
Douglas 2017}) (10. Qb3 $5 Qg6 11. h3 dxc4 12. Bxc4 Bxc3+ (12... Qxg2 $5 13.
Ke2 Qg6 $13 {should be tried}) 13. Qxc3 Bd7 14. Bd3 Qh5 15. a3 Qa5 16. b4 Qb6
17. O-O a5 18. b5 Na7 19. Rb1 Nxb5 20. Bxb5 Bxb5 21. Rfc1 Qa6 22. Qxc7 Rd7 23.
Qc3 f6 24. Nd2 $14 {1-0 (61) Esipenko,A (2593)-Leko,P (2669) Moscow 2018})
10... dxc4 11. Bxc4 Bd7 12. Qc2 (12. Qb3 Bd6 $5 {[%cal Rc6a5]}) 12... Na5 13.
Bd3 c5 $1 {A timely change of plan. White was prepared for ...e6-e5 but ...
c7-c5 frees Black's position completely.} 14. O-O cxd4 15. Ne4 (15. exd4 Rac8
$11) 15... Qe7 16. a3 Rac8 17. Qe2 Bd6 18. b4 $6 (18. Nxd6 Qxd6 19. Nxd4 $11 {
was probably a better option.}) 18... Nc6 (18... Ba4 $142 $1 {, activating the
bishop:} 19. Rb1 (19. bxa5 Bxd1 20. Rxd1 dxe3 21. Qxe3 Bxa3 $17) 19... Nc6 20.
exd4 a6 $15 {[%csl Ga4]}) 19. exd4 Be8 20. Rfe1 Qc7 21. Nxd6 Rxd6 22. Qe4 f5
23. Qf4 Bh5 {Black has transfered his bishop to a good square after all but
the price is the weakening move ...f7-f5.} 24. Bc4 Kh8 25. d5 Bxf3 26. gxf3 $2
{[%mdl 16384] Too optimistic. White gets no compensation for his damaged pawn
structure.} (26. Qxf3 Nxb4 (26... Ne7 27. Bd3 $1 Rxd5 (27... Nxd5 $2 28. Rxe6
$1 Rxe6 29. Qxf5) 28. Rxe6 Rcd8 29. Ree1 $14) 27. dxe6 $5 (27. axb4 Qxc4 28.
dxe6 Rxe6 29. Rxe6 Qxe6 30. Qxb7 $11) 27... Rxd1 28. Qxd1 Qxc4 29. axb4 Qxb4
30. g3 $44 {[%csl Ge6]}) 26... Qd8 (26... Ne7 $142 $1 27. Bb3 Nxd5 $17) 27. Rc1
$1 (27. Ba2 Ne7 $17) (27. Bb3 e5 $1 28. Qxf5 Nd4 29. Qd3 Rf6 $17) 27... e5 $1
28. Qxf5 Rf6 29. Qg4 $2 (29. Qh3 $1 Nd4 30. Bd3 $1 Nxf3+ 31. Kh1 {was the only
defence.} Rb8 32. Re3 Ng5 33. Qg2 $13 {is clearly more favorable for White
than the game continuation, when Black's rook was already on f4.}) 29... Rf4 $1
30. Qh3 Nd4 31. Bd3 {too late.} Nxf3+ 32. Kh1 Rb8 $1 {Black must keep this
rook to protect the 8th rank.} 33. Re2 (33. Re3 $142 Ng5 34. Qg2 Qf6 $17) 33...
Nxh2 $1 {White probably overlooked this tactics.} 34. Rec2 Ng4 35. Kg1 Qg5 36.
Qg3 Rxf2 $1 37. d6 Rd8 38. Rc8 Rff8 39. d7 h5 40. Be4 $2 (40. Be2 $17) 40... h4
0-1

[Event "Moscow Petrosian Memorial"]
[Site "Moscow"]
[Date "2014.11.08"]
[Round "4"]
[White "Leko, Peter"]
[Black "Aronian, Levon"]
[Result "1/2-1/2"]
[WhiteElo "2731"]
[BlackElo "2797"]
[Annotator "Krasenkow,M"]
[PlyCount "84"]
[EventDate "2014.11.04"]
[EventType "tourn"]
[EventRounds "7"]
[EventCountry "RUS"]
[EventCategory "20"]
[SourceTitle "CBM 164"]
[Source "ChessBase"]
[SourceDate "2015.01.15"]
[SourceVersion "1"]
[SourceVersionDate "2015.01.15"]
[SourceQuality "1"]

1. d4 Nf6 2. c4 e6 3. Nf3 d5 4. Nc3 Bb4 5. cxd5 exd5 6. Bg5 Nbd7 7. Qc2 h6 8.
Bh4 c5 9. e3 Qa5 10. Bd3 c4 11. Bf5 {This version of the Westphalian Variation
(with inclusion of ...h7-h6 Bg5-h4) was considered rather favorable for White;
however, recent practice claims to change that verdict.} g6 ({It is essential
that after} 11... O-O 12. O-O Re8 13. Nd2 {Black can't play 13...g6 due to 14.
Bxg6; therefore, he has serious development problems. Here is an old practical
example:} Bxc3 14. bxc3 Qa6 {(preparing ...Nd7-f8)} 15. Rfe1 Nf8 16. f3 Bxf5
17. Qxf5 Qe6 {1-0 (82) Hertneck,G (2605)-Campora,D (2560) Tilburg 1994} 18. Qb1
b6 19. e4 $14 {G.Hertneck}) {However, it was recently discovered (and
demonstrated for the first time by GM Jonathan Hawkins last year) that ...
g7-g6 could be played immediately!} 12. Bxd7+ $1 $146 {An important novelty.
Peter Leko turns to a usual Westphalian path, where the insertion of ...h7-h6
Bg5-h4 proves to be favourable for White!} (12. Bxg6 {was tried in previous
games and proved not to be as killing as it might look:} Bxc3+ 13. bxc3 fxg6
14. Qxg6+ Kf8 15. O-O ({after} 15. Bxf6 Qxc3+ 16. Nd2 Rg8 17. Qf5 Qxa1+ 18. Ke2
Qxh1 {White has nothing more than a draw by perpetual:} 19. Be5+ Ke8 20. Qe6+
Kf8 21. Qxh6+ Ke8 {etc.; that may be his best option after the bishop
sacrifice!}) 15... Qa6 {Surprisingly, Black successfully defend, keeping his
material gains.} 16. Rae1 (16. Qf5 Rh7 $5) 16... Qe6 17. Nd2 Qf7 18. Qxf7+ Kxf7
19. e4 Nb6 20. e5 Ne8 21. f4 Bf5 22. e6+ Kf8 $15 {1/2 (30) Plischki,S (2396)
-Stern,R (2546) Verden an der Aller GER 2014}) 12... Nxd7 13. O-O O-O 14. Rae1
{[%cal Ye3e4]} Nb6 (14... Re8 15. e4 dxe4 16. Rxe4 Rxe4 17. Qxe4 {looks
dangerous for Black although} g5 $5 {should be checked}) 15. Ne5 {[%mdl 96]
This is the point: White's knight can't be pushed away by means of ...f7-f6.}
Bxc3 (15... Bf5 16. e4 $1 dxe4 (16... Bxe4 17. Qd2 $1 {[%cal Rd2h6] - another
drawback of ...h7-h6! -} Kg7 $140 $2 {(h7?)} 18. Ng4) 17. g4 $36) 16. bxc3 Qa4
({Once again} 16... Bf5 {is inappropriate:} 17. e4 $1 dxe4 18. g4 Be6 19. f3 $1
g5 (19... exf3 20. Nxg6) 20. Bg3 e3 (20... exf3 $2 21. Nc6 $1 bxc6 22. Rxe6)
21. f4 $40) 17. Qb1 Qe8 18. f3 {White prepares e3-e4, and Black has no
counterplay in sight. The opening battle has ended in White's favour but, of
course, a lot of fight is still ahead.} Kg7 19. h3 {[%cal Ye5g4]} ({The
immediate} 19. Ng4 Bxg4 20. fxg4 Qe4 {is satisfactory for Black. After the
text move, however, Black tries to trap White's centralised knight.}) 19... h5
20. e4 $1 {[%mdl 640] White gladly sacrifices his knight for an attack.} f6 21.
exd5 fxe5 $2 (21... Nxd5 22. Nxc4 Qc6 23. Qb3 {, and Black hardly has
sufficient compensation for the pawn.}) ({The intermediate} 21... Bf5 {was
relatively better but after} 22. Qc1 fxe5 23. Rxe5 Qa4 24. g4 Bd3 25. Rfe1 {
Black's defence remained quite difficult.}) 22. Rxe5 Qa4 23. Rfe1 $2 {Despite
a long period of thought, White misses quite a simple win:} (23. Re7+ Rf7 24.
Qe1 $1 Bf5 25. Bf6+ $1 Kg8 (25... Kxf6 26. Qe5+ Kg5 27. Rxf7 $18) 26. Rxf7 $18)
23... Bf5 24. Qc1 Rf7 (24... Rae8 $142 25. Be7 Rf7 26. Bf6+ Rxf6 27. Rxe8 Nxd5
28. Rd8 Qc6 29. Re5 Rd6 {with a solid defence (A.Tukhaev)}) 25. g4 $1 hxg4 26.
hxg4 Bd3 27. Re7 Nxd5 (27... Raf8 28. Bf6+ $3 Kxf6 29. Qh6 $18 {was noticed by
both players.}) 28. Rxf7+ Kxf7 29. Qg5 Qc6 (29... Qb5 $2 30. Re7+ $1) 30. Re5
Rf8 ({After} 30... Nf6 31. Qf4 {[%cal Rg4g5]} g5 32. Rxg5 {White keeps winning
chances, too.}) 31. Rxd5 {With an extra pawn and a d4 passer, White has good
winning prospects despite the opposite-coloured bishops.} Kg8 32. f4 Qa4 33.
Re5 Re8 34. Rxe8+ $2 {It was better to wait for Black's capture on e5:} (34.
Kf2 $1 {, and Black can't take on a2 as he comes under a killing attack:} Qxa2+
$2 35. Kg3 Qa4 (35... Rxe5 36. Qd8+ Kh7 37. fxe5 {[%cal Rd8e7,Rh4f6]}) 36. Re7
$1 {[%cal Rd4d5]} Rxe7 37. Qxe7 $18 {[%cal Rh4f6]}) 34... Qxe8 35. f5 Kh7 36.
Bg3 (36. d5 $1 gxf5 37. d6 {was a better chance although after} Be4 $1 38. gxf5
Bc6 39. Kf2 Qf7 {Black should probably survive.}) 36... gxf5 37. gxf5 (37. Be5
Qg6 38. Qe7+ Kg8 39. g5 f4 $1 {, and Black holds on (A.Tukhaev)}) 37... Qf7 38.
Qh4+ Kg8 39. f6 Qg6 40. Kf2 Kf7 {Black has established a strong blockade and
secured a draw.} 41. Be5 Bb1 42. Qg3 Qc2+ 1/2-1/2

[Event "Pamplona-A 16th"]
[Site "Pamplona"]
[Date "2006.12.24"]
[Round "3"]
[White "Wojtaszek, Radoslaw"]
[Black "Bauer, Christian"]
[Result "0-1"]
[WhiteElo "2630"]
[BlackElo "2585"]
[Annotator "Krasenkow,M"]
[PlyCount "108"]
[EventDate "2006.12.22"]
[EventType "tourn"]
[EventRounds "7"]
[EventCountry "ESP"]
[EventCategory "17"]
[SourceTitle "CBM 116"]
[Source "ChessBase"]
[SourceDate "2007.02.01"]
[SourceVersion "1"]
[SourceVersionDate "2007.02.01"]
[SourceQuality "1"]

1. d4 Nf6 2. c4 e6 3. Nf3 d5 4. Nc3 Bb4 5. Bg5 h6 6. Bxf6 Qxf6 7. Qb3 c5 8.
cxd5 exd5 9. e3 Nc6 10. Bb5 O-O 11. dxc5 d4 12. Bxc6 dxc3 13. Qxb4 cxb2 14. Rb1
bxc6 {This sharp line was examined by GM Zoltan Ribli in CBM 64, 73, 76, 79.}
15. Rxb2 $4 $146 {[%mdl 16384] A very unfortunate novelty, after which the
white king remains in the centre forever. The following continuations were
seen in practice:} (15. Qxb2 Qf5 (15... Qg6 16. O-O Bh3 17. Ne1 $5 (17. Nh4 Qg5
(17... Qh5 $5 18. Qb4 (18. gxh3 $6 Qxh4 19. Qd4 Qxh3 20. Qe4 Rae8 $5 21. Qxc6
Re5 22. Kh1 Rc8 23. Qg2 Qe6 24. Rfc1 Rexc5 25. Rxc5 Rxc5 26. a3 Qa2 $15 {
0-1 Najer,E-Aleksandrov,A/St Petersburg 2000/CBM 076/[Ribli] (41)}) (18. Qd4 $5
Rfd8 19. Qa4 Bg4 20. h3 Be6 21. Rbc1 Bxa2 22. Nf3 Be6 23. Nd4 Bd5 24. f3 $14 {
1/2-1/2 Timman,J-Lopez Martinez,J/Barcelona 2006/CBM 115 (41)}) 18... Be6 (
18... Bg4 19. h3 (19. g3 Bh3 20. Rfc1 Rfe8 21. a3 Rad8 22. Qa4 g5 23. Ng2 Qf3
24. Ne1 Qf6 $36 {0-1 Khurtsidze,N-Ibragimov,I/Krasnodar 1998/EXT 2000 (30)})
19... Be6 20. a3 Rad8 21. Nf3 Bxh3 22. Qh4 Qxh4 23. Nxh4 Bg4 24. Rb4 h5 25. Ra4
Rd7 26. f3 Be6 27. f4 Re8 $11 {1/2-1/2 Lacrosse,M-Inkiov,V/Massy 1995/EXT 2004
(42)}) 19. Nf3 Bxa2 20. Rb2 (20. Ra1 a5 21. Qa4 Be6 22. Nd4 Bd5 23. f3 f5 24.
Nxc6 Qe8 25. Nxa5 Qxe3+ 26. Kh1 Qxc5 27. Rfc1 Qb6 28. Rcb1 Qe6 29. Re1 Qb6 30.
Reb1 {1/2-1/2 Beliavsky,A-Tal,M/Moscow 1987/CBM 004}) 20... Bd5 21. e4 a5 22.
Qa4 Qg4 23. Re1 Rfe8 24. Rbe2 f5 25. Nd2 fxe4 26. Nxe4 Qg6 $11 {0-1 Malich,
B-Starck,B/Annaberg-Buchholz 1965/EXT 1999 (34)}) 18. Qd4 (18. Qb4 Rab8 19. Qf4
Qxf4 20. exf4 Be6 21. a3 Rb5 (21... Rfd8 $142) 22. Rxb5 cxb5 23. Rb1 a6 24. Rc1
Rc8 25. c6 Kf8 26. Nf3 Ke7 27. Nd4 $14 {1/2-1/2 Jusiak,G-Rotstein,A/Naleczow
1989/EXT 1997 (56)}) 18... Rfd8 19. Qa4 Bg4 20. g3 Bh3 21. Rfc1 Qf6 (21... Qd5
22. Qb3 Qe4 23. Rc4 Qe8 24. Qc2 Qe6 25. Re4 Rd2 26. Rxe6 Rxc2 27. Rxc6 Rxa2 $44
{0-1 Miniboeck,G-Schroll,G/Hartberg 2004/CBM 101 ext (47)}) 22. Qf4 (22. Rd1 g5
23. Ng2 Qf3 24. Ne1 Qe2 25. Ng2 Qf3 $11) 22... Qe6 $6 (22... Qxf4 23. gxf4 Rd2
$44 {[%csl Gd2,Rg1,Gh3] Ribli}) 23. Nf3 Qxa2 24. g4 Qe6 25. Nd4 $14 {1-0
Akopian,V-Ibragimov,I/New York 1998/CBM 064/[Ribli] (38)}) 17... Rfd8 18. f3
Rd5 19. e4 Rxc5 20. Qb7 Rc8 21. Qxa7 Rb5 22. Rc1 Rcb8 23. a4 Rb1 24. Rxb1 Rxb1
25. Qf2 $16 {1-0 Rost,D-Timar,Z/IECG 2001/Telechess CBM 105 (42)}) 16. O-O (16.
Rc1 Ba6 17. Qa3 Bd3 18. Nd4 Qg6 19. Rg1 Rad8 $1 (19... Rfd8 20. Qc3 Rd5 21. f3
Rh5 22. Kf2 Rxh2 23. e4 Ba6 24. Nf5 $16 {1-0 Kaidanov,G-Serper,G/USA (ch) 1999
(42)}) 20. Qc3 Rfe8 $36 {Serper}) 16... Qxc5 17. Rfc1 Qd5 18. Nd4 (18. Ne5 $5)
(18. Rd1 $5) 18... c5 19. Qb5 (19. Qb3 $5 {Ribli}) 19... Bh3 $1 20. gxh3 Qg5+
21. Kf1 cxd4 22. Qxg5 hxg5 23. exd4 Rad8 24. Rb4 {1/2-1/2 Doroshkievich,
V-Zilberstein,V/USSR 1972 (48)}) (15. O-O $142 $1 Ba6 (15... Bh3 $6 16. Rxb2
Rad8 17. Nd4 Qg5 18. f4 Qg6 19. f5 Qg5 20. Rf3 $16 {1/2-1/2 Dreev,
A-Aleksandrov,A/Shenyang 2000/CBM 079/[Ribli] (146)}) 16. Rfe1 Rab8 17. Qa3 Bc4
18. Nd4 Rfe8 $1 19. f3 Qg5 20. Nxc6 Rbc8 $6 (20... Rb5 21. Nd4 Rxc5 22. Rxb2
Ra5 23. Qc3 Rxa2 24. Rxa2 Bxa2 25. Ra1 Be6 $1 $14 {Ribli}) 21. f4 $1 Qd5 22.
Ne5 Qxc5 23. Qxc5 Rxc5 24. Rxb2 $16 {1-0 Seirawan,Y-Polgar,J/Amsterdam 1995 
(62)}) 15... Ba6 16. Nd4 Rfe8 17. Kd1 Rab8 $1 18. Qxb8 Rxb8 19. Rxb8+ Kh7 {
White's disconnected rooks are much weaker than Black's queen.} 20. Rb2 Qg5 21.
Kc1 (21. g3 Qxc5 22. Re1 {was probably more stubborn.}) 21... Qxg2 22. Rd1 Qxh2
{and Black gradually brought home his advantage:} 23. Rc2 Qe5 24. Rc3 h5 {
[%csl Gh5]} 25. Kb2 Qd5 26. f3 h4 27. e4 Qd8 28. Kc2 Qa5 29. a3 Qc7 30. Kb2 Bc8
31. Nf5 Qh2+ 32. Kb1 Bxf5 33. exf5 Qe5 34. Kb2 Qxf5 35. Rd6 h3 36. Rd1 Qf4 37.
Rh1 Qg3 38. Rc2 Qxf3 39. Rch2 Kg8 40. Rxh3 Qf2+ 41. Kb3 f5 42. Rh8+ Kf7 43. Rc1
Qd2 44. Rc3 f4 45. Rb8 Qd5+ 46. Ka4 Qd4+ 47. Kb3 Qd5+ 48. Ka4 g5 49. Rb7+ Kg6
50. Rbb3 g4 51. Rb4 Kg5 52. Rcc4 Qd1+ 53. Ka5 g3 54. Rd4 Qxd4 0-1

[Event "POL-ch 65th"]
[Site "Lublin"]
[Date "2008.03.05"]
[Round "9"]
[White "Socko, Bartosz"]
[Black "Gajewski, Grzegorz"]
[Result "1-0"]
[WhiteElo "2635"]
[BlackElo "2594"]
[Annotator "Krasenkow,M"]
[PlyCount "83"]
[EventDate "2008.02.02"]
[EventType "tourn"]
[EventRounds "13"]
[EventCountry "POL"]
[EventCategory "13"]
[SourceTitle "CBM 123"]
[Source "ChessBase"]
[SourceDate "2008.04.02"]
[SourceVersion "1"]
[SourceVersionDate "2008.04.02"]
[SourceQuality "1"]

1. d4 Nf6 2. c4 e6 3. Nf3 d5 4. Nc3 Bb4 5. Qa4+ Nc6 6. e3 O-O 7. Qc2 $5 {
An unusual move instead of the normal} (7. Bd2) {Now we have a position
arising from the Nimzowitsch defence (4.Qc2 system), with an extra tempo for
Black! However, things are not so easy for him...} 7... a6 $6 {This reaction
is definitely too passive.} (7... dxc4 {looks illogical:} 8. Bxc4 a6 (8... Na5
9. Bd3 c5 10. dxc5 Bxc5 11. a3 Bd6 12. b4 Nc6 13. Bb2 Ne5 14. Nxe5 Bxe5 15. Rd1
Qc7 16. f4 Bd6 17. O-O a6 18. Qb1 Rb8 19. Ne4 $16 {1-0 Cantarino Neto,M-Rocha,
J/Brazil 2003/EXT 2006 (24)}) (8... Bd6 $5) 9. O-O Bd6 10. Rd1 Qe8 11. a3 e5
12. Ng5 h6 13. Nge4 Nxe4 14. Nxe4 Qe7 15. d5 Nd8 16. Nxd6 cxd6 17. a4 $14 {
1/2-1/2 Hillarp Persson,T-Arutinian,D/Crete 2007/CBM 121 (45)}) (7... Re8 $5 {
[%cal Ye6e5]} 8. Bd2 $1 (8. a3 Bxc3+ 9. Qxc3 e5 10. Nxe5 Ne4 (10... Nxe5 $5 11.
dxe5 Ne4 12. Qd4 Qh4 13. g3 Qh5 14. Be2 Bg4 $44) 11. Nxc6 bxc6 12. Qc2 Bf5 13.
Bd3 Qg5 $6 (13... dxc4 14. Bxc4 Ng3 15. Qb3 Nxh1 16. Bxf7+ Kh8 17. Bxe8 Qxe8
18. Kf1 $140 Qh5 19. Kg1 Qe2 $1) 14. g3 $2 (14. O-O $1 dxc4 15. Bxc4 $14) 14...
Qg6 15. cxd5 Nxg3 $1 $17 {0-1 Mirzoev,A-Petkov,V/La Roda 2007/CBM 117 ext (46)}
) 8... e5 9. dxe5 Nxe5 10. Nxd5 $6 (10. cxd5 $5 Nxf3+ 11. gxf3 Bxc3 12. Bxc3
Qxd5 13. Rg1 Bf5 14. Qd1 $1 $14) 10... Bxd2+ 11. Qxd2 Ne4 12. Qc2 Ng4 13. Bd3
Ngxf2 14. Bxe4 Nxe4 15. O-O-O c6 $4 (15... Bf5 $15) 16. Nc3 Qe7 17. Qxe4 {
1-0 Jakobsen,O-Sola Plaza,G/Andorra 2007/CBM 119 ext}) (7... b6 $5) 8. a3 Be7 (
8... Bxc3+ 9. bxc3 $5) 9. b4 b6 (9... dxc4 {is dubious here, too:} 10. Bxc4 Bd6
(10... b5 11. Bd3 Bb7 12. Ne4 $14) 11. O-O (11. Bb2 e5 12. dxe5 $6 Nxe5 13.
Nxe5 Bxe5 14. Rd1 Qe7 15. Nd5 Nxd5 16. Rxd5 Bxb2 17. Qxb2 Qe4 $11 {0-1 Dubeck,
M-Wirthensohn,H/Switzerland 1998/EXT 2006 (58)}) 11... e5 12. h3 Qe7 13. Rd1
Bd7 14. d5 Nd8 15. e4 Nh5 16. Bd3 f6 17. g4 Nf4 18. Bxf4 exf4 19. e5 fxe5 20.
Bxh7+ Kh8 21. Ne4 $36 {1-0 Mirzoev,A-Landenbergue,C/Elgoibar 2006/CBM 115 ext 
(30)}) 10. Bb2 {That's the general idea of 7.Qc2 (as compared with 7.Bd2): the
bishop can take this comfortable square.} (10. c5 {is premature:} bxc5 11. bxc5
e5 (11... Rb8 $5) 12. dxe5 Ng4 13. Bb2 Ncxe5 $13) 10... dxc4 $6 {Still! Black
was probably (and rightly) afraid of} (10... Bb7 11. c5 $1 $14 {[%csl Rb7]}) {
but the medicine proves more harmful than the disease!} 11. Bxc4 Bb7 12. O-O b5
{White now gets an extra tempo compared to 9...dxc4.} 13. Bd3 $16 h6 14. Ne4 $1
Nd7 15. Rfd1 f5 {Desperation but Black has simply no moves!} (15... Qe8 {
was possible but what to do next after, say,} 16. Rac1 {?}) 16. Nc3 {[%cal
Yd4d5,Ye3e4]} (16. d5 $5 {was quite good at once, e.g.} exd5 (16... fxe4 17.
Bxe4) 17. Nc3 Nce5 18. Nxe5 Nxe5 19. Bxf5 $16) 16... Nf6 (16... Qe8 $142 {
[%cal Yc6d8]} 17. d5 Nce5 (17... Nd8 18. dxe6 Bxf3 19. exd7 Qg6 20. g3 Bxd1 21.
Rxd1 $18 {[%csl Gd7][%cal Ye3e4,Rc3d5]}) 18. Nxe5 Nxe5 19. Nxb5 $1 Nf3+ $1 (
19... Nxd3 20. Nxc7) 20. gxf3 axb5 21. Qxc7 Bxd5 22. e4 $16) 17. d5 $1 {
A spectacular break destroying Black's defence.} (17. e4 {was less energetic.})
17... Nxd5 18. Nxd5 Qxd5 (18... exd5 19. Bxf5 Qd6 20. Be4 Nb8 21. Ne5 $18) 19.
e4 $1 Nxb4 (19... Qd7 20. Bxb5 Qe8 21. Ba4 a5 22. Ne5 Bf6 23. bxa5 $18 (23.
Rac1 $18)) 20. axb4 fxe4 21. Bf1 Qc6 22. Qxc6 Bxc6 23. Ne5 {and White had no
problems converting his extra piece:} Bd5 24. Rdc1 Bf6 (24... Bxb4 25. Rxc7 Bd6
26. Rd7 Rfd8 27. Rxd8+ Rxd8 28. Rxa6 $18) 25. Rxc7 Rfc8 26. Rac1 Rxc7 27. Rxc7
a5 28. bxa5 Rxa5 29. Nc6 Ra2 30. Bxf6 gxf6 31. Ne7+ Kf8 32. Bxb5 Ra1+ (32... e3
33. fxe3 Rxg2+ 34. Kf1 Bf3 (34... Rxh2 35. Nxd5 exd5 36. Rd7 Rh5 37. Bc6) 35.
Bd3 f5 (35... Rxh2 36. Ng6+ Kg8 37. Bc4 Bg4 38. Nf4 $18) 36. Nc6 Rxh2 37. Ne5
$18) 33. Bf1 Bb3 34. Ng6+ Kg8 35. h3 Re1 (35... Bd1 36. Nf4 e5 37. Bc4+ $18)
36. g3 Ba4 37. Kg2 Bd1 38. Nh4 Bf3+ 39. Nxf3 exf3+ 40. Kg1 e5 41. Rc3 e4 42.
Re3 1-0